Szczegóły MARC21

Przyroda Krajny Złotowskiej /

003 -Nazwa inst., której nr kontr. jest w polu 001 [,]
    • @
    • Nazwa instytucji, której n kontrolny jest w polu 001
    • NUKAT
005 -DATA I CZAS OSTATNIEJ MODYFIKACJI [,]
    • @
    • pole kontrolne
    • 20241231092336.0
020 -Międzynarod. znormalizowany nr książki - ISBN [ , ]
    • a
    • Numer ISBN
    • 8388219111 Find
040 -Instytucja sporządzająca opis [ , ]
    • a
    • Instytucja, która sporządziła opis (NP)
    • WA M/GM
    • c
    • Instytucja, która sporządziła rekord (NP)
    • WA M/GM
    • d
    • Instytucja, która zmodyfikowała rekord (P)
    • WA M/IW
    • d
    • Instytucja, która zmodyfikowała rekord (P)
    • LUBL U/MGas
    • d
    • Instytucja, która zmodyfikowała rekord (P)
    • KR U/GZs
    • d
    • Instytucja, która zmodyfikowała rekord (P)
    • SZCZ U/AP
942 -Rodzaj dokumentu [ , ]
    • c
    • Rodzaj dokumentu
    • Książka
245 -Strefa tytułu i oznaczenia odpowiedzialności [0,0]
    • a
    • Tytuł
    • Przyroda Krajny Złotowskiej / Find
    • c
    • Pozostałe elementy strefy tytułu i oznaczenia odpowiedzialności (NP)
    • pod red. Grzegorza Ziółkowskiego ; [zespół aut. Jolanta Dylawerska et al.] ; Wielkopolskie Stowarzyszenie Pracy Organicznej "Ekorozwój".
260 -Strefa adresu wydawniczego [ , ]
    • a
    • Miejsce wydania (P)
    • Toruń :
    • b
    • Nazwa wydawcy (P)
    • Urbański Wydawnictwo,
    • c
    • Data wydania (P)
    • 2004.
300 -Strefa opisu fizycznego [ , ]
    • a
    • Określenie formy książki i/lub objętość (NP)
    • 176 s. :
    • b
    • Oznaczenie ilustracji (NP)
    • il. (gł. kolor.) ;
    • c
    • Format (NP)
    • 31 cm +
    • e
    • Oznaczenie dokumentu towarzyszącego (NP)
    • [2] k. map złoż. luz.
336 -Typ zawartości [ , ]
    • a
    • Termin opisujący typ zawartości
    • Tekst
    • b
    • Kod określający zawartość
    • txt
    • 2
    • Źródło (terminu i kodu)
    • rdacontent
337 -Typ mediów [ , ]
    • a
    • Tryb odtwarzania
    • Bez urządzenia pośredniczącego
    • b
    • Kod typu mediów
    • n
    • 2
    • Źródło (terminu i kodu)
    • rdamedia
338 -Typ/rodzaj nośnika [ , ]
    • a
    • Hasło opisujące typ nośnika
    • Wolumin
    • b
    • Kod typu nośnika
    • nc
    • 2
    • Źródło (terminu i kodu)
    • rdacarrier
504 -Uwaga dot. bibliogr. załącznikowej [ , ]
    • a
    • Uwaga dot. bibliografii załącznikowej
    • Bibliogr s. 169-176.
080 -Uniwersalna Klasyfikacja Dziesiętna [ , ]
    • 2
    • Identyfikator wydania tablic
    • UDC-P058
    • 9
    • UKD
    • 8105
    • a
    • Symbol klasyfikacji
    • 581.9(438)
    • b
    • Dopowiedzenie
    • Flora Polski.
    • 4
    • UKD2
    • 8319
    • x
    • Poddział wspólny
    • (02.025.2)
    • c
    • Dopowiedzenie poddz. wspólnego
    • (Książki bogato ilustrowane).
080 -Uniwersalna Klasyfikacja Dziesiętna [ , ]
    • 2
    • Identyfikator wydania tablic
    • UDC-P058
    • 9
    • UKD
    • 3890
    • a
    • Symbol klasyfikacji
    • 591.9(438)
    • b
    • Dopowiedzenie
    • Fauna Polski.
    • 4
    • UKD2
    • 8319
    • x
    • Poddział wspólny
    • (02.025.2)
    • c
    • Dopowiedzenie poddz. wspólnego
    • (Książki bogato ilustrowane).
650 -Hasło przedmiotowe [ ,7]
    • a
    • Hasło przedmiotowe
    • Środowisko przyrodnicze
    • z
    • Określnik geograficzny
    • Polska
    • z
    • Określnik geograficzny
    • Krajna (region).
    • 2
    • Źródło terminu
    • kaba
    • 9
    • KHW
    • 388508
650 -Hasło przedmiotowe [ ,7]
    • a
    • Hasło przedmiotowe
    • Zwierzęta
    • z
    • Określnik geograficzny
    • Polska
    • z
    • Określnik geograficzny
    • Krajna (region).
    • 2
    • Źródło terminu
    • kaba
    • 9
    • KHW
    • 388509
650 -Hasło przedmiotowe [ ,7]
    • a
    • Hasło przedmiotowe
    • Rośliny
    • z
    • Określnik geograficzny
    • Polska
    • z
    • Określnik geograficzny
    • Krajna (region).
    • 2
    • Źródło terminu
    • kaba
    • 9
    • KHW
    • 388510
980 -Symbol UKD [ , ]
    • a
    • UKD
    • 581.9(438):591.9(438)](02.025.2)
700 -Hasło dodatkowe - nazwa osobowa [1, ]
    • a
    • Nazwa osobowa (NP)
    • Ziółkowski, Grzegorz. Find
    • e
    • Określenie rodzaju współpracy
    • Red.
    • 9
    • KHW
    • 80522
700 -Hasło dodatkowe - nazwa osobowa [1, ]
    • a
    • Nazwa osobowa (NP)
    • Dylawerska, Jolanta. Find
    • 9
    • KHW
    • 80521
710 -Hasło dodatkowe - nazwa ciała zbiorowego [2, ]
    • a
    • Nazwa ciała zbiorowego lub nazwa geograficzna jako pierwszy element (NP)
    • Wydawnictwo Urbański.
    • 4
    • Kod relacji
    • pbl
    • 9
    • KHW
    • 81758
920 -ISBN [ , ]
    • a
    • ISBN
    • 83-88219-11-1 Find
Data inwentaryzacji Status udost. Lokalizacja Numer inwentarzowy
2013-10-211BGZ.117356